Odhad ekonomickej životnosti nehmotného majetku - ochranných známok

Príspevok analyzuje ekonomickú životnosť nehmotného majetku a jej vnímanie z pohľadu stanovenia hodnoty nehmotného majetku. Okrem iného je zámerom autora prostredníctvom analýzy citlivosti poukázať na zmeny hodnoty majetku v súvislosti s rôznymi prístupmi k ekonomickej životnosti.

Salvato in:
Dettagli Bibliografici
Autore principale: Kardoš, Peter
Natura: Capitolo di libro
Lingua:slovacco
Soggetti:
Tags: Aggiungi Tag
Nessun Tag, puoi essere il primo ad aggiungerne!!

MARC

LEADER 00000nla a2200000 4500
001 0213177
005 20240527082757.9
041 0 |a slo 
044 |a SK 
245 1 0 |a Odhad ekonomickej životnosti nehmotného majetku - ochranných známok  |c Peter Kardoš 
520 |a Príspevok analyzuje ekonomickú životnosť nehmotného majetku a jej vnímanie z pohľadu stanovenia hodnoty nehmotného majetku. Okrem iného je zámerom autora prostredníctvom analýzy citlivosti poukázať na zmeny hodnoty majetku v súvislosti s rôznymi prístupmi k ekonomickej životnosti. 
610 2 0 |a majetok nehmotný 
610 2 0 |a známky ochranné 
610 2 0 |a vlastníctvo duševné 
610 2 0 |a právo patentové 
610 2 0 |a hodnota majetku 
100 1 |a Kardoš, Peter